| 000 | 00513nam a22001697a 4500 | ||
|---|---|---|---|
| 005 | 20251108173021.0 | ||
| 008 | 250721s2005 xx 000 0 ara d | ||
| 082 | 1 | 4 | _a629.25/أحم |
| 100 | 1 |
_aأحمد، عبدالفتاح حسن _eمؤلف |
|
| 245 | 1 | 0 | _aتشخيص السيارات / |
| 264 | 1 |
_aعمان : _bمكتبة المجتمع العربي للنشر، _c2005. |
|
| 300 | _a238ص. | ||
| 650 | 1 | 7 | _aالسيارات |
| 650 | 1 | 7 | _aمحركات السيارات |
| 942 |
_2ddc _cBK |
||
| 999 |
_c94123 _d94123 |
||